000 00593nam a2200181Ia 4500
008 090124s9999 xx 000 0 und d
082 _b110926
100 _aचेंदवणकर सदानंद
245 _a भारतीय शास्त्रज्ञ
250 _a1
260 _c1964
300 _a90
600 _aचेंदवणकर सदानंद
630 _a भारतीय शास्त्रज्ञ
700 _aचेंदवणकर सदानंद
730 _a भारतीय शास्त्रज्ञ
942 _cBOOK
999 _c157017
_d157017